Arte y arquitectura funeraria (XIX-XX) (Record no. 16361)
[ view plain ]
| 000 -LEADER | |
|---|---|
| campo de control de longitud fija | 00925nam a2200241 i 4500 |
| 001 - NÚMERO DE CONTROL | |
| campo de control | 16361 |
| 003 - IDENTIFICADOR DE NÚMERO DE CONTROL | |
| campo de control | ES-MaACL |
| 005 - FECHA Y HORA DE LA ÚLTIMA TRANSACCIÓN | |
| campo de control | 20230906151313.0 |
| 007 - CAMPO FIJO DE DESCRIPCIÓN FÍSICA--INFORMACIÓN GENERAL | |
| campo de control de longitud fija | t| |
| 008 - DATOS DE LONGITUD FIJA--INFORMACIÓN GENERAL | |
| campo de control de longitud fija | 000904s2000 sp a |||| | spa d |
| 020 ## - NÚMERO INTERNACIONAL ESTÁNDAR DEL LIBRO | |
| Número Internacional Estándar del Libro | 84-8156-270-X |
| 080 ## - NÚMERO DE LA CLASIFICACIÓN DECIMAL UNIVERSAL | |
| Número de la Clasificación Decimal Universal | 726.82.035/.036(4) |
| 245 00 - MENCIÓN DEL TÍTULO | |
| Título | Arte y arquitectura funeraria (XIX-XX) |
| Resto del título | = Arte e architettura funeraria = Funeral art and architecture : Dublin, Genova, Madrid, Torino / |
| Mención de responsabilidad, etc. | edición a cargo de Sofía Diéguez Patao y Carmen Giménez ; con el patrocinio, Comisión Europea. |
| 246 31 - FORMA VARIANTE DEL TITULO | |
| Título propio/Titulo breve | Arte e architettura funeraria |
| 246 31 - FORMA VARIANTE DEL TITULO | |
| Título propio/Titulo breve | Funeral art and architecture |
| 260 ## - PUBLICACIÓN, DISTRIBUCIÓN, ETC. | |
| Lugar de publicación, distribución, etc. | [Madrid] : |
| Nombre del editor, distribuidor, etc. | Electa, |
| Fecha de publicación, distribución, etc. | [2000] |
| 300 ## - DESCRIPCIÓN FÍSICA | |
| Extensión | 359 p. : |
| Otras características físicas | il. ; |
| Dimensiones | 28 cm. |
| 500 ## - NOTA GENERAL | |
| Nota general | Texto en español, italiano e inglés. |
| 650 14 - PUNTO DE ACCESO ADICIONAL DE MATERIA--TÉRMINO DE MATERIA | |
| Término de materia o nombre geográfico como elemento de entrada | Monumentos funerarios- |
| Subdivisión geográfica | Europa. |
| 9 (RLIN) | 167246 |
| 700 1# - ENTRADA AGREGADA--NOMBRE PERSONAL | |
| Nombre de persona | Diéguez Patao, Sofía. |
| 9 (RLIN) | 44584 |
| 700 1# - ENTRADA AGREGADA--NOMBRE PERSONAL | |
| Nombre de persona | Giménez, Carmen. |
| 9 (RLIN) | 57022 |
| 852 ## - LOCALIZACIÓN | |
| Ubicación | ES-MaACL |
| Número de control de estantería | L-23623 |
| Estatus retirado | Estado de pérdida | Estado de daño | No para préstamo | Biblioteca de origen | Biblioteca actual | Ubicación en estantería | Fecha de adquisición | Fuente de adquisición | Total de préstamos | Signatura topográfica completa | Código de barras | Visto por última vez | Precio de reemplazo | Tipo de ítem Koha |
|---|---|---|---|---|---|---|---|---|---|---|---|---|---|---|
| Biblioteca del Ateneo de Madrid | Biblioteca del Ateneo de Madrid | Depósito 2 | 17/01/2008 | L-23623 | 1016623 | 23/02/2023 | 23/02/2023 | Libro impreso |
